000 00483nam a2200145Ia 4500
008 100204s9999 xx 000 0 und d
082 _b5725
100 _aसावरकर विनायक दामोदर
245 _aक्ष किरणे
260 _b"वीर सावरकर प्रकाशन , मुंबई"
_c1982 4
300 _a131
630 _aक्ष किरणे
730 _aक्ष किरणे
942 _cBOOK
999 _c450267
_d450264